Central Library OPAC University of Rajshahi

একজন ব্যাংকারের দুর্লভ অভিজ্ঞতা = Rare experienc of a Banker / (Record no. 74299)

MARC details
000 -LEADER
fixed length control field 00866nam a2200229 a 4500
001 - CONTROL NUMBER
control field 74299
003 - CONTROL NUMBER IDENTIFIER
rucl marc code BD-RjUL
005 - DATE AND TIME OF LATEST TRANSACTION
control field 20211209082532.0
008 - FIXED-LENGTH DATA ELEMENTS--GENERAL INFORMATION
fixed length control field 180604s2017 bg a|||| |||| 00| 0 ben d
020 ## - INTERNATIONAL STANDARD BOOK NUMBER
International Standard Book Number 9789849117490
Terms of availability Tk.500.00 hard cover
035 ## - SYSTEM CONTROL NUMBER
System control number (BD-RjUL)74517
040 ## - CATALOGING SOURCE
Original cataloging agency BD-RjUL
Language of cataloging eng
Transcribing agency BD-RjUL
041 ## - LANGUAGE CODE
Language code of text/sound track or separate title ben
082 ## - DEWEY DECIMAL CLASSIFICATION NUMBER
Edition number 23
Classification number 332.1
Author mark and year HOE 2017
100 1# - MAIN ENTRY--PERSONAL NAME
Personal name হোসেন, রবিউল
9 (RLIN) 221547
245 10 - TITLE STATEMENT
Title একজন ব্যাংকারের দুর্লভ অভিজ্ঞতা = Rare experienc of a Banker /
Statement of responsibility, etc. রবিউল হোসেন,
260 ## - PUBLICATION, DISTRIBUTION, ETC. (IMPRINT)
Place of publication, distribution, etc. ঢাকা :
Name of publisher, distributor, etc. অগ্রদুত ,
Date of publication, distribution, etc. ২০১৭
300 ## - PHYSICAL DESCRIPTION
Pagination ৩০৪ পৃ. ঃ
Illustrations চিত্র ;
Size ২২ সেমি।
650 ## - SUBJECT ADDED ENTRY--TOPICAL TERM
Topical term or geographic name as entry element ব্যাংক ও ব্যাংকিং
9 (RLIN) 221548
Topical term or geographic name as entry element Bank and Bankig
9 (RLIN) 221549
942 ## - ADDED ENTRY ELEMENTS (KOHA)
Source of classification or shelving scheme Dewey Decimal Classification
Koha item type Books
Holdings
Lost status Source of classification or shelving scheme Damaged status Not for loan Collection code Permanent Location Current Location Shelving location Date acquired Source of acquisition Cost, normal purchase price Total Checkouts Full call number Date last seen Copy number Koha item type
  Dewey Decimal Classification   Not For Loan Non-fiction Central Library, University of Rajshahi Central Library, University of Rajshahi Reading Room 19/04/2018 Author 500.00   B 332.1 HOE 2017 04/06/2018 C-1 Books